000 00647nam a2200241 i 4500
001 C2-0303518
003 PPAK
005 20180728084425.0
008 100328s1992 my |||| ||||| | may d
020 _a9836228233
040 _aPPAK
_beng
_cPPAK
_erda
082 0 4 _a589.481
_223
090 0 0 _a589.481
_bMOH
_dKIH
100 0 _aMuhammad ismail sarbini,
_eauthor
245 1 0 _aMendung semalam
264 1 _aKuala Lumpur :
_bDewan Bahasa dan Pustaka ,
_c1992
300 _a162 pages ;
_c18 cm
336 _2rdacontent
_atext
337 _2rdamedia
_aunmediated
338 _2rdacarrier
_avolume
650 1 0 _aMalay fiction
942 _ddc
_cB
999 _c106759
_d106759